[Event "2nd Indonesia Open Chess Ch. 2012"]
[Site "Grand SahidJaya Hotel, Jakarta"]
[Date "2012.10.15"]
[Round "6.39"]
[White "Supriyono, Eko"]
[Black "Sonjaya, Deni"]
[Result "1-0"]
[WhiteElo "2253"]
[BlackElo "2284"]
[PlyCount "85"]
[EventDate "2012.10.11"]

1. d4 f5 2. Nf3 Nf6 3. Bf4 d6 4. e3 Be6 5. c4 c6 6. Nc3 g6 7. Be2 Bg7 8. h3 h6
9. Bh2 Bf7 10. Qc2 Na6 11. Rd1 c5 12. dxc5 Nxc5 13. Ne5 O-O 14. Nxf7 Rxf7 15.
Bf3 Rc8 16. O-O a5 17. Nd5 Nfe4 18. a3 a4 19. g4 Rc6 20. Bg2 e6 21. Nb4 Rb6 22.
f3 Nf6 23. e4 Ne8 24. exf5 gxf5 25. Bf4 Qh4 26. Be3 h5 27. gxf5 Rxf5 28. f4 Nc7
29. Rd2 N7a6 30. Bf2 Qf6 31. Bd4 Nxb4 32. Qd1 Qf7 33. Bxg7 Qxg7 34. axb4 Rxb4
35. Qc2 Rb3 36. Kh1 Rf8 37. Rg1 Kh8 38. Rxd6 Rg8 39. Qd1 b6 40. f5 Rxb2 41.
fxe6 Qe5 42. Rd5 Qe3 43. Qxh5+ 1-0

[Event "2nd Indonesia Open Chess Ch. 2012"]
[Site "Grand SahidJaya Hotel, Jakarta"]
[Date "2012.10.15"]
[Round "6.40"]
[White "Jamaludin"]
[Black "Gunawan, Johan"]
[Result "1/2-1/2"]
[WhiteElo "2174"]
[BlackElo "2276"]
[PlyCount "101"]
[EventDate "2012.10.11"]

1. e4 Nf6 2. e5 Nd5 3. d4 d6 4. exd6 exd6 5. Nf3 Be7 6. Bd3 O-O 7. O-O Nc6 8.
h3 Ndb4 9. Be2 Bf5 10. Na3 Be4 11. c3 Nd5 12. Bd3 Bxd3 13. Qxd3 Qd7 14. Bd2
Rfe8 15. Qb5 Nb6 16. d5 Nb8 17. Qd3 Bf6 18. Bg5 Qd8 19. Bxf6 Qxf6 20. Nb5 Na6
21. b4 Qg6 22. Qxg6 hxg6 23. Rfd1 Rec8 24. a4 Nb8 25. a5 N6d7 26. c4 a6 27. Nc3
Nf6 28. c5 Nbd7 29. Na4 Rd8 30. Rac1 Rab8 31. Nb2 Nf8 32. cxd6 Rxd6 33. Rxc7
Rxd5 34. Rdc1 Ne6 35. Rc8+ Rd8 36. Rxb8 Rxb8 37. Nd3 Nd5 38. Rb1 Nc3 39. Rb3
Nb5 40. Rb1 f6 41. g3 Rd8 42. Nfe1 Nc3 43. Rb2 Nd4 44. Nc5 Re8 45. Ned3 Re7 46.
Kg2 Kf7 47. Nb3 Nc6 48. Nbc5 g5 49. Rd2 Kg6 50. Nb2 Na2 51. Nbd3 {
Unreadable notation. Game ended in 92 moves.} 1/2-1/2

[Event "2nd Indonesia Open Chess Ch. 2012"]
[Site "Grand SahidJaya Hotel, Jakarta"]
[Date "2012.10.15"]
[Round "6.41"]
[White "Sinurat, Tumpak"]
[Black "Panggabean, Hasian"]
[Result "0-1"]
[WhiteElo "2258"]
[BlackElo "2204"]
[PlyCount "109"]
[EventDate "2012.10.11"]

1. e4 e6 2. d4 d5 3. exd5 exd5 4. Bd3 Bd6 5. Nf3 Ne7 6. O-O Bg4 7. Re1 Nbc6 8.
c3 Qd7 9. a4 O-O 10. Na3 a6 11. Nc2 Bf5 12. Ne3 Bxd3 13. Qxd3 Rae8 14. b4 Ng6
15. Bd2 Nce7 16. Qc2 Nf4 17. Rad1 c6 18. Bc1 h6 19. Qb1 Nfg6 20. Qd3 Nf4 21.
Qc2 Nfg6 22. Bd2 Bf4 23. Nf1 Bd6 24. Rb1 Nf5 25. Qd3 Bf4 26. Bxf4 Nxf4 27. Qd2
Ng6 28. Ne5 Nxe5 29. dxe5 Re6 30. Qd3 Ne7 31. f4 f6 32. Qh3 f5 33. Qg3 Kh7 34.
Rbd1 Qc7 35. Nd2 c5 36. Kh1 cxb4 37. cxb4 Qb6 38. Qb3 Rc8 39. a5 Qd4 40. Nf3
Qc4 41. Qb1 Rf8 42. Nd4 Rg6 43. b5 axb5 44. Qxb5 Qxb5 45. Nxb5 Ra6 46. Ra1 Rc8
47. g3 Rc5 48. Reb1 b6 49. Ra2 Rxa5 50. Rab2 Rc6 51. Nd6 Ra6 52. h3 Kg6 53. Kg2
Ra4 54. Nb5 Rcc4 55. Nd6 {Unreadable notation. Game ended in 70 moves.} 0-1

[Event "2nd Indonesia Open Chess Ch. 2012"]
[Site "Grand SahidJaya Hotel, Jakarta"]
[Date "2012.10.15"]
[Round "6.42"]
[White "Margana, Adhy"]
[Black "Gordon, Stephen J"]
[Result "0-1"]
[WhiteElo "2221"]
[BlackElo "2556"]
[PlyCount "82"]
[EventDate "2012.10.11"]

1. e4 c5 2. Nf3 d6 3. d4 cxd4 4. Nxd4 Nf6 5. Nc3 a6 6. Bg5 Nbd7 7. f4 Qc7 8.
Qf3 h6 9. Bh4 g5 10. fxg5 hxg5 11. Bxg5 Qc5 12. Nf5 e6 13. Bxf6 Nxf6 14. Ng3
Nd7 15. Qf2 Qxf2+ 16. Kxf2 Bg7 17. Rd1 Ke7 18. Be2 b5 19. Nh5 Be5 20. g4 Nc5
21. Bf3 Bb7 22. Rde1 Bd4+ 23. Kg2 Nd7 24. Rhf1 Rac8 25. Bd1 Bxc3 26. bxc3 Rxc3
27. Rf3 Rc4 28. Ng3 Ra4 29. Ref1 Ne5 30. Rc3 Rc8 31. Rxc8 Bxc8 32. h4 Rxa2 33.
h5 b4 34. Kh3 a5 35. g5 Ba6 36. Rf6 Ra3 37. h6 Rc3 38. Bg4 a4 39. h7 Rc8 40.
Rh6 Rh8 41. Bxe6 fxe6 0-1

[Event "2nd Indonesia Open Chess Ch. 2012"]
[Site "Grand SahidJaya Hotel, Jakarta"]
[Date "2012.10.15"]
[Round "6.43"]
[White "Pitra, Andika"]
[Black "Bersamina, Paulo"]
[Result "1-0"]
[WhiteElo "2340"]
[BlackElo "2205"]
[PlyCount "65"]
[EventDate "2012.10.11"]

1. e4 c5 2. Nf3 g6 3. d4 cxd4 4. Nxd4 Nc6 5. Nc3 Bg7 6. Nb3 Nf6 7. Be2 d6 8.
O-O O-O 9. Bg5 Be6 10. Kh1 Rc8 11. f4 a6 12. Bf3 Nd7 13. Qe2 b5 14. Rfd1 b4 15.
Nd5 a5 16. Qb5 Kh8 17. c3 bxc3 18. bxc3 Bxd5 19. exd5 Ncb8 20. Rac1 Rxc3 21.
Nxa5 Rc5 22. Rxc5 Nxc5 23. Nc6 Nxc6 24. dxc6 Qc7 25. Rb1 Ra8 26. Qb6 Qxb6 27.
Rxb6 Rc8 28. Bxe7 Nd7 29. Rb7 Nc5 30. Rb6 Nd7 31. Rb1 Nb8 32. c7 Na6 33. Bxd6
1-0

[Event "2nd Indonesia Open Chess Ch. 2012"]
[Site "Grand SahidJaya Hotel, Jakarta"]
[Date "2012.10.15"]
[Round "6.44"]
[White "Laksana, Agusta"]
[Black "Fahmi, Jauhari"]
[Result "1/2-1/2"]
[WhiteElo "2305"]
[BlackElo "2184"]
[PlyCount "60"]
[EventDate "2012.10.11"]

1. c4 Nf6 2. g3 Nc6 3. Bg2 d6 4. d4 g6 5. Nc3 Bg7 6. Nf3 O-O 7. O-O Bf5 8. d5
Na5 9. Nd4 Bd7 10. Qd3 c5 11. Nf3 a6 12. Bg5 b5 13. b3 bxc4 14. bxc4 Rc8 15.
Rab1 Bf5 16. e4 Bh3 17. Na4 Bxg2 18. Kxg2 Qc7 19. h3 e6 20. Bd2 exd5 21. exd5
Rb8 22. Bc3 Nb7 23. Rfe1 Rfe8 24. Rxe8+ Rxe8 25. Re1 Rxe1 26. Nxe1 Nd7 27. Nf3
Bxc3 28. Qxc3 Qa5 29. Qxa5 Nxa5 30. Nb2 Nf6 1/2-1/2

[Event "2nd Indonesia Open Chess Ch. 2012"]
[Site "Grand SahidJaya Hotel, Jakarta"]
[Date "2012.10.15"]
[Round "6.45"]
[White "Aris, T.L.S."]
[Black "Sean, Winshand Cuhendi"]
[Result "1/2-1/2"]
[WhiteElo "2238"]
[BlackElo "2181"]
[PlyCount "64"]
[EventDate "2012.10.11"]

1. d4 Nf6 2. Nf3 d5 3. e3 Bf5 4. c4 e6 5. Nc3 Nbd7 6. Qb3 dxc4 7. Bxc4 Nb6 8.
Be2 Bd6 9. Bd2 O-O 10. Rc1 c6 11. O-O Kh8 12. Rfd1 a5 13. a3 a4 14. Qa2 Ne4 15.
Be1 Qf6 16. Bd3 Nxc3 17. bxc3 Bg4 18. Be2 Qe7 19. c4 Nd7 20. Rb1 b6 21. h3 Bf5
22. Bd3 Bxd3 23. Rxd3 Rfb8 24. Bb4 b5 25. c5 Bc7 26. Rdd1 f5 27. Qe2 Nf6 28.
Ne5 Bxe5 29. dxe5 Nd5 30. f4 g5 31. g3 Rg8 32. Kh2 Rg6 1/2-1/2

[Event "2nd Indonesia Open Chess Ch. 2012"]
[Site "Grand SahidJaya Hotel, Jakarta"]
[Date "2012.10.15"]
[Round "6.46"]
[White "Hartono"]
[Black "Hidayat, Arifin"]
[Result "1-0"]
[WhiteElo "2230"]
[BlackElo "2141"]
[PlyCount "133"]
[EventDate "2012.10.11"]

1. e4 d6 2. d4 Nf6 3. Bd3 e5 4. c3 d5 5. dxe5 Nxe4 6. Ne2 Nc5 7. Bc2 Bg4 8. O-O
Nc6 9. b4 Ne6 10. f3 Bh5 11. Ba4 Bg6 12. f4 Bf5 13. Be3 h5 14. Nd2 d4 15. Bxd4
Bxb4 16. Nf3 Be7 17. Ng3 Bg4 18. f5 Nc5 19. f6 gxf6 20. exf6 Bd6 21. Qe1+ Be6
22. Bxc5 Bxc5+ 23. Kh1 Kf8 24. Ne4 Bd6 25. Rd1 Bc4 26. Rf2 Qe8 27. Bb3 Ba6 28.
Qe3 Ne5 29. Qg5 Rh7 30. Qf5 Rh6 31. Qg5 Rg6 32. Qxh5 Ng4 33. Re1 Qxe4 34. Rxe4
Nxf2+ 35. Kg1 Nxe4 36. Qh8+ Rg8 37. Qh6+ Ke8 38. Qe3 Bc5 39. Nd4 Bxd4 40. cxd4
Kd7 41. Qxe4 Rae8 42. Qf5+ Kd8 43. h3 Re1+ 44. Kh2 Re2 45. Bd5 Rg6 46. Bf3 Re6
47. Qd5+ Ke8 48. Bg4 Rexf6 49. Bf5 Rh6 50. Qd7+ Kf8 51. Qxc7 Rd6 52. g4 Rb6 53.
d5 Rhd6 54. Be4 Bb5 55. h4 Bd7 56. g5 Ke7 57. h5 Rb4 58. Bf3 Rf4 59. Kg3 Rf5
60. Qc1 f6 61. g6 Rg5+ 62. Kh4 Ra6 63. Qc5+ Ke8 64. Qe3+ Kf8 65. Bd1 Rxa2 66.
Qf4 Kg7 67. Qd6 1-0

[Event "2nd Indonesia Open Chess Ch. 2012"]
[Site "Grand SahidJaya Hotel, Jakarta"]
[Date "2012.10.15"]
[Round "6.48"]
[White "Purba, Cornelis"]
[Black "Aay, Aisyah Anisa"]
[Result "1-0"]
[WhiteElo "2203"]
[BlackElo "1839"]
[PlyCount "129"]
[EventDate "2012.10.11"]

1. e4 c5 2. Nf3 d6 3. d4 cxd4 4. Nxd4 Nf6 5. Nc3 a6 6. Bg5 e6 7. Qd2 Be7 8. Be2
Qc7 9. O-O-O Nc6 10. f4 Bd7 11. Rhe1 O-O-O 12. Qe3 h6 13. Bh4 Ng4 14. Bxg4 Bxh4
15. g3 Be7 16. Nb3 Na5 17. Nxa5 Qxa5 18. Rd3 Kb8 19. Kb1 Bc6 20. Red1 Rhe8 21.
a3 Qc5 22. Rd4 d5 23. Bf3 Bf6 24. e5 Be7 25. Na2 Qb6 26. Qd2 Bb5 27. a4 Bc4 28.
b3 Bc5 29. a5 Qb5 30. Nc3 Qxa5 31. Na4 Bb4 32. c3 Bxb3 33. Rxb4 Bxa4 34. Qa2 b5
35. Rd2 Rc8 36. Bd1 Rxc3 37. Qxa4 Qxa4 38. Bxa4 Rec8 39. Bc2 Kb7 40. Re2 g6 41.
g4 Rf3 42. f5 gxf5 43. gxf5 exf5 44. Rd4 Rc5 45. Rh4 Rc6 46. Rd2 Rf1+ 47. Kb2
Kb6 48. Rhd4 f4 49. Rxd5 f3 50. Bd3 Re1 51. Rf2 Re3 52. Rd7 Re6 53. Bc2 R6xe5
54. Rxf7 Rh5 55. Bd1 a5 56. Bxf3 Rhe5 57. Rf6+ Re6 58. Bg4 Rxf6 59. Rxf6+ Kc5
60. Rxh6 a4 61. Rh5+ Kc4 62. Rh4 a3+ 63. Ka2 Rc3 64. Be2+ Kc5 65. Rh5+ 1-0

[Event "2nd Indonesia Open Chess Ch. 2012"]
[Site "Grand SahidJaya Hotel, Jakarta"]
[Date "2012.10.15"]
[Round "7.1"]
[White "Li, Chao B"]
[Black "Yu, Yangyi"]
[Result "1/2-1/2"]
[WhiteElo "2681"]
[BlackElo "2651"]
[PlyCount "70"]
[EventDate "2012.10.11"]

1. d4 Nf6 2. Nf3 e6 3. g3 b6 4. Bg2 Bb7 5. c4 c5 6. d5 exd5 7. Nh4 g6 8. O-O
Bg7 9. Nc3 O-O 10. Bf4 Qe7 11. Qd2 Re8 12. cxd5 d6 13. Nb5 Rd8 14. a4 Na6 15.
Rfe1 Nc7 16. Nc3 Ng4 17. h3 Ne5 18. Rad1 a6 19. Bg5 f6 20. Bf4 b5 21. g4 b4 22.
Nb1 Rf8 23. Qc1 f5 24. g5 Qf7 25. Bxe5 Bxe5 26. Qd2 Rae8 27. e3 a5 28. b3 Re7
29. Qd3 Ba6 30. Qc2 Na8 31. Nf3 Nb6 32. Nxe5 Rxe5 33. Nd2 f4 34. exf4 Qxf4 35.
Ne4 Nd7 1/2-1/2

[Event "2nd Indonesia Open Chess Ch. 2012"]
[Site "Grand SahidJaya Hotel, Jakarta"]
[Date "2012.10.15"]
[Round "7.2"]
[White "Tkachiev, Vladislav"]
[Black "Lu, Shanglei"]
[Result "1/2-1/2"]
[WhiteElo "2662"]
[BlackElo "2526"]
[PlyCount "72"]
[EventDate "2012.10.11"]

1. Nf3 d5 2. d4 Nf6 3. c4 e6 4. g3 dxc4 5. Bg2 c5 6. O-O Nc6 7. dxc5 Qxd1 8.
Rxd1 Bxc5 9. Nbd2 c3 10. bxc3 O-O 11. Nb3 Be7 12. c4 Bd7 13. Bb2 Rfd8 14. Ne5
Rac8 15. c5 Nxe5 16. Bxe5 Bc6 17. Bxc6 Rxc6 18. Rxd8+ Bxd8 19. Rd1 Rc8 20. Bxf6
Bxf6 21. Rd7 b6 22. Rxa7 bxc5 23. Nd2 g6 24. Nc4 Rd8 25. e3 Kf8 26. Kg2 Rd1 27.
a4 Rc1 28. Nd6 Be7 29. Nc8 Bd8 30. Rd7 Ke8 31. Rb7 Rd1 32. Nb6 Bxb6 33. Rxb6
Kd7 34. Kf3 Kc7 35. a5 Ra1 36. Ra6 Kb7 1/2-1/2

[Event "2nd Indonesia Open Chess Ch. 2012"]
[Site "Grand SahidJaya Hotel, Jakarta"]
[Date "2012.10.15"]
[Round "7.3"]
[White "Chatalbashev, Boris"]
[Black "Nguyen, Ngoc Truong Son"]
[Result "1/2-1/2"]
[WhiteElo "2535"]
[BlackElo "2635"]
[PlyCount "65"]
[EventDate "2012.10.11"]

1. d4 d5 2. c4 c6 3. Nf3 Nf6 4. e3 Bf5 5. Nc3 e6 6. Nh4 Bg6 7. Bd2 Nbd7 8. Nxg6
hxg6 9. Qc2 Bb4 10. Be2 Qc7 11. h3 dxc4 12. Bxc4 O-O-O 13. O-O-O Nd5 14. Kb1
Nxc3+ 15. Bxc3 Bxc3 16. Qxc3 Nb6 17. Be2 Nd5 18. Qa3 Kb8 19. Rc1 e5 20. Rhd1 f5
21. dxe5 Qxe5 22. Bf3 Nf6 23. Qb4 Rxd1 24. Rxd1 Kc7 25. Qb3 Qe7 26. Qa4 Rd8 27.
Qa5+ Kc8 28. Rxd8+ Qxd8 29. Qxd8+ Kxd8 30. Kc2 Ke7 31. Kd3 Kd6 32. Kd4 a5 33.
a3 1/2-1/2

[Event "2nd Indonesia Open Chess Ch. 2012"]
[Site "Grand SahidJaya Hotel, Jakarta"]
[Date "2012.10.15"]
[Round "7.4"]
[White "Grigoryan, Avetik"]
[Black "Korneev, Oleg"]
[Result "1-0"]
[WhiteElo "2572"]
[BlackElo "2591"]
[PlyCount "63"]
[EventDate "2012.10.11"]

1. Nf3 d5 2. d4 Nf6 3. c4 e6 4. g3 dxc4 5. Bg2 Bb4+ 6. Bd2 a5 7. O-O O-O 8. Bg5
c6 9. Ne5 b5 10. a4 bxa4 11. Rxa4 Ba6 12. Nc3 h6 13. Bxf6 Qxf6 14. Qc2 Qd8 15.
Rd1 Qc7 16. Raa1 f6 17. Ng6 Re8 18. d5 Bxc3 19. d6 Qb6 20. Ne7+ Kh8 21. bxc3
Bb5 22. Qg6 Nd7 23. Qf7 Rad8 24. Qxe6 Nc5 25. Qf7 Qb7 26. Bh3 Nd7 27. Bf5 Qa7
28. Ng6+ Kh7 29. Nf8+ Kh8 30. Nxd7 Rxe2 31. Rd4 Re5 32. Nxe5 1-0

[Event "2nd Indonesia Open Chess Ch. 2012"]
[Site "Grand SahidJaya Hotel, Jakarta"]
[Date "2012.10.15"]
[Round "7.6"]
[White "Sokolov, Ivan"]
[Black "Wan, Yunguo"]
[Result "1-0"]
[WhiteElo "2690"]
[BlackElo "2477"]
[PlyCount "99"]
[EventDate "2012.10.11"]

1. d4 Nf6 2. c4 g6 3. Nc3 Bg7 4. e4 d6 5. Bg5 h6 6. Be3 Ng4 7. Bc1 e5 8. d5 f5
9. Be2 Nf6 10. exf5 gxf5 11. Bh5+ Nxh5 12. Qxh5+ Kf8 13. f4 e4 14. Nge2 Qe8 15.
Qh3 Na6 16. O-O Qg6 17. Be3 h5 18. a3 Qg4 19. Qxg4 hxg4 20. b4 Bd7 21. Rac1 Ke7
22. Nd4 Rh6 23. g3 c5 24. dxc6 bxc6 25. Nb3 Nc7 26. Rfd1 Bxc3 27. Rxc3 d5 28.
Bc5+ Ke8 29. Na5 dxc4 30. Nxc4 Nd5 31. Rc2 a6 32. Rdc1 Kd8 33. Ne5 Kc7 34. Bd4
Be8 35. Nc4 Kb7 36. Na5+ Kc7 37. Bg7 Re6 38. Be5+ Kb6 39. Nc4+ Ka7 40. Nd6 Ne7
41. Bd4+ Kb8 42. Nxe8 Kb7 43. Ng7 Rg6 44. a4 Rd8 45. Be5 Rg8 46. b5 R6xg7 47.
bxc6+ Ka7 48. Bd4+ Ka8 49. Bxg7 Rxg7 50. c7 1-0

[Event "2nd Indonesia Open Chess Ch. 2012"]
[Site "Grand SahidJaya Hotel, Jakarta"]
[Date "2012.10.15"]
[Round "7.7"]
[White "Nguyen, Van Huy"]
[Black "Iordachescu, Viorel"]
[Result "0-1"]
[WhiteElo "2517"]
[BlackElo "2637"]
[PlyCount "100"]
[EventDate "2012.10.11"]

1. d4 Nf6 2. Nf3 e6 3. g3 b5 4. Bg2 Bb7 5. O-O Be7 6. c3 a5 7. Bg5 O-O 8. Nbd2
d6 9. a4 b4 10. Ne1 Bxg2 11. Nxg2 Nbd7 12. e4 c5 13. Ne3 Rb8 14. Qc2 Qc8 15.
Bxf6 Bxf6 16. d5 Nb6 17. Qd3 Re8 18. Ndc4 Qa6 19. Rfd1 bxc3 20. bxc3 Nxc4 21.
Nxc4 exd5 22. Qxd5 Bxc3 23. Nxd6 Rf8 24. Rac1 Bd4 25. Nb5 Rfd8 26. Qc4 Qf6 27.
Rd2 g6 28. Kg2 h5 29. Rcd1 Kg7 30. Nxd4 cxd4 31. Qc5 h4 32. Rxd4 Rbc8 33. Qa7
h3+ 34. Kf1 Re8 35. Qd7 Rc2 36. R4d2 Rxe4 37. Qxh3 Qa6+ 38. Kg2 Rxd2 39. Rxd2
Re1 40. Qd7 Qf1+ 41. Kf3 Qh1+ 42. Kg4 Qxh2 43. Qd4+ Kh7 44. Qd5 f5+ 45. Kg5
Qh6+ 46. Kf6 Qg7+ 47. Kg5 Qh6+ 48. Kf6 Qg7+ 49. Kg5 Re4 50. f4 Qe7# 0-1

[Event "2nd Indonesia Open Chess Ch. 2012"]
[Site "Grand SahidJaya Hotel, Jakarta"]
[Date "2012.10.15"]
[Round "7.8"]
[White "Krasenkow, Michal"]
[Black "Ghaem Maghami, Ehsan"]
[Result "1/2-1/2"]
[WhiteElo "2636"]
[BlackElo "2557"]
[PlyCount "66"]
[EventDate "2012.10.11"]

1. Nf3 c5 2. c4 Nc6 3. d4 cxd4 4. Nxd4 Nf6 5. Nc3 e6 6. a3 d5 7. cxd5 exd5 8.
Bg5 Bc5 9. e3 O-O 10. Nxc6 bxc6 11. Bd3 h6 12. Bh4 d4 13. Na4 Bd6 14. e4 g5 15.
Bg3 Re8 16. O-O Nxe4 17. Bxd6 Qxd6 18. Re1 Nf6 19. Rxe8+ Nxe8 20. Qf3 Nf6 21.
Re1 Bg4 22. Qg3 Qxg3 23. hxg3 Kf8 24. f3 Be6 25. Nc5 Bd5 26. Ba6 Rb8 27. Re2
Re8 28. Rd2 Re1+ 29. Kf2 Rc1 30. Nd3 Rb1 31. Nc5 Rc1 32. Nd3 Rb1 33. Nc5 Rc1
1/2-1/2

[Event "2nd Indonesia Open Chess Ch. 2012"]
[Site "Grand SahidJaya Hotel, Jakarta"]
[Date "2012.10.15"]
[Round "7.9"]
[White "Ganguly, Surya Shekhar"]
[Black "Pham, Le Thao Nguyen"]
[Result "1-0"]
[WhiteElo "2610"]
[BlackElo "2387"]
[PlyCount "113"]
[EventDate "2012.10.11"]

1. d4 d5 2. c4 c6 3. Nc3 Nf6 4. e3 a6 5. Nf3 b5 6. b3 Bg4 7. Be2 e6 8. h3 Bxf3
9. Bxf3 Nbd7 10. O-O Be7 11. a4 bxc4 12. bxc4 O-O 13. Qc2 a5 14. Bb2 Nb6 15. c5
Nbd7 16. Nb1 Qc7 17. Nd2 Ra7 18. Bc3 Bd8 19. Rab1 Qc8 20. Rb3 Bc7 21. e4 dxe4
22. Nxe4 Nd5 23. Rfb1 h6 24. Qd2 Qa8 25. Nd6 N7f6 26. Bb2 Nb4 27. Nb5 Nfd5 28.
Nxa7 Qxa7 29. Ba3 Bf4 30. Qe2 Qe7 31. Bxd5 Nxd5 32. Qa6 Qf6 33. Rd1 Qg6 34. Qd3
Qg5 35. Qf1 Bc7 36. Bc1 Qf6 37. Qe2 Re8 38. Qe4 Qd8 39. Bd2 e5 40. Re1 Re6 41.
dxe5 Rxe5 42. Qb1 Rxe1+ 43. Qxe1 Qf6 44. Bxa5 Be5 45. Bd2 Bd4 46. Qe8+ Kh7 47.
Qe4+ g6 48. Rf3 Qg7 49. Bxh6 Qxh6 50. Qxd4 Qf8 51. Qe5 f6 52. Qd6 Qa8 53. a5
Qxa5 54. Qxc6 Qe1+ 55. Kh2 Qe5+ 56. Rg3 g5 57. Qd6 1-0

[Event "2nd Indonesia Open Chess Ch. 2012"]
[Site "Grand SahidJaya Hotel, Jakarta"]
[Date "2012.10.15"]
[Round "7.10"]
[White "Ehlvest, Jaan"]
[Black "Dzhumaev, Marat"]
[Result "1/2-1/2"]
[WhiteElo "2607"]
[BlackElo "2516"]
[PlyCount "75"]
[EventDate "2012.10.11"]

1. e4 e5 2. Nf3 Nc6 3. Bb5 a6 4. Ba4 Nf6 5. O-O Be7 6. Re1 b5 7. Bb3 O-O 8. c3
d6 9. d4 Bg4 10. Be3 Bh5 11. h3 exd4 12. cxd4 Na5 13. Bc2 c5 14. g4 Bg6 15.
Nbd2 Nc4 16. Nxc4 bxc4 17. Bd2 d5 18. exd5 Nxd5 19. Rc1 Qb6 20. Bxg6 fxg6 21.
Qe2 Rad8 22. Rxc4 Qxb2 23. dxc5 Qxa2 24. Ng5 Nc7 25. Be3 Qb3 26. Qc2 Qxc2 27.
Rxc2 Rc8 28. Bd2 Rfe8 29. Ne4 Bf8 30. Rc4 Re6 31. Rb1 Rc6 32. Rb3 Nd5 33. Rd3
Nf6 34. Nxf6+ gxf6 35. Be3 Be7 36. Kg2 Kf7 37. Kf3 R8c7 38. Ra3 1/2-1/2

[Event "2nd Indonesia Open Chess Ch. 2012"]
[Site "Grand SahidJaya Hotel, Jakarta"]
[Date "2012.10.15"]
[Round "7.11"]
[White "Gagunashvili, Merab"]
[Black "Pascua, Haridas"]
[Result "1/2-1/2"]
[WhiteElo "2584"]
[BlackElo "2350"]
[PlyCount "74"]
[EventDate "2012.10.11"]

1. d4 Nf6 2. c4 g6 3. g3 Bg7 4. Bg2 O-O 5. Nf3 d6 6. O-O Nbd7 7. Nc3 e5 8. e3
c6 9. b3 e4 10. Nd2 d5 11. a4 a6 12. cxd5 cxd5 13. f3 Qa5 14. Bb2 exf3 15. Qxf3
Re8 16. e4 dxe4 17. Ncxe4 Qh5 18. Qxh5 Nxh5 19. Nd6 Re2 20. Rf2 Rxf2 21. Kxf2
Nc5 22. Kg1 Nd3 23. Bc3 Rb8 24. Rf1 Be6 25. Bxb7 Bf8 26. Bxa6 Nb4 27. Bxb4 Rxb4
28. N6c4 Bg7 29. Nf3 Rxb3 30. Nce5 Ra3 31. Bb5 Bh6 32. Bc4 Bxc4 33. Nxc4 Rxa4
34. Nb2 Ra2 35. Nc4 Ra4 36. Nce5 Be3+ 37. Kg2 Bxd4 1/2-1/2

[Event "2nd Indonesia Open Chess Ch. 2012"]
[Site "Grand SahidJaya Hotel, Jakarta"]
[Date "2012.10.15"]
[Round "7.12"]
[White "Xu, Jun"]
[Black "Barbosa, Oliver"]
[Result "1-0"]
[WhiteElo "2506"]
[BlackElo "2575"]
[PlyCount "97"]
[EventDate "2012.10.11"]

1. d4 d5 2. c4 c6 3. Nf3 Nf6 4. Nc3 dxc4 5. a4 Bf5 6. Ne5 Nbd7 7. Nxc4 Nb6 8.
Ne5 a5 9. e3 g6 10. Bd3 Bxd3 11. Nxd3 Bg7 12. O-O O-O 13. Qb3 Qc7 14. e4 Nc8
15. e5 Ne8 16. d5 Bxe5 17. Nxe5 Qxe5 18. Qxb7 Rb8 19. Qxc6 Nf6 20. Qc4 Rb4 21.
Qd3 Nb6 22. Rd1 Rd8 23. Qg3 Qxg3 24. hxg3 Nbxd5 25. Bg5 Rd6 26. Nxd5 Rxd5 27.
Rxd5 Nxd5 28. Bd2 Rxb2 29. Bxa5 f5 30. Be1 Kf7 31. a5 Rb7 32. Kf1 Ke6 33. Ke2
Kd6 34. Kd3 Kc5 35. f3 Rd7 36. a6 Rd8 37. a7 Nc7+ 38. Kc2 Kc6 39. Bf2 Ra8 40.
Kc3 e5 41. Kc4 e4 42. Bd4 Re8 43. Rb1 Kd7 44. Bb6 Na8 45. Ba5 e3 46. Kd5 Rc8
47. Rb7+ Ke8 48. Kd6 e2 49. Rb8 1-0

[Event "2nd Indonesia Open Chess Ch. 2012"]
[Site "Grand SahidJaya Hotel, Jakarta"]
[Date "2012.10.15"]
[Round "7.13"]
[White "Shyam, Sundar M"]
[Black "Megaranto, Susanto"]
[Result "0-1"]
[WhiteElo "2494"]
[BlackElo "2532"]
[PlyCount "64"]
[EventDate "2012.10.11"]

1. d4 Nf6 2. c4 e6 3. Nc3 Bb4 4. Qc2 O-O 5. Nf3 d6 6. e4 e5 7. d5 Bxc3+ 8. bxc3
Nfd7 9. Be3 Na6 10. g4 Ndc5 11. Rg1 c6 12. dxc6 bxc6 13. Rd1 Qc7 14. Nd2 Ne6
15. Nb3 c5 16. f3 Nb8 17. Rg2 Nc6 18. Rgd2 Rd8 19. Qc1 Rb8 20. Na1 Ne7 21. Nc2
Ng6 22. Bf2 Bd7 23. Qa3 Ng5 24. Be2 Bxg4 25. fxg4 Nxe4 26. Rd3 Nf4 27. Rf3 Ng5
28. Rg3 Qb7 29. Ne3 Qh1+ 30. Bg1 Nfh3 31. Kf1 Nxg1 32. Rxg1 Qxh2 0-1

[Event "2nd Indonesia Open Chess Ch. 2012"]
[Site "Grand SahidJaya Hotel, Jakarta"]
[Date "2012.10.15"]
[Round "7.14"]
[White "Fedorchuk, Sergey A"]
[Black "Juswanto, Denny"]
[Result "1-0"]
[WhiteElo "2647"]
[BlackElo "2412"]
[PlyCount "100"]
[EventDate "2012.10.11"]

1. e4 e5 2. Nf3 Nc6 3. Bc4 Bc5 4. d3 Nf6 5. O-O d6 6. c3 O-O 7. Bb3 h6 8. h3 a6
9. Re1 Ba7 10. Nbd2 Be6 11. Nf1 Re8 12. Ng3 Qd7 13. Nh4 Ne7 14. Qf3 Bxb3 15.
axb3 Qe6 16. b4 Nh7 17. Nhf5 Kh8 18. Bd2 c6 19. c4 Bb6 20. Bc3 Nxf5 21. Nxf5
Qf6 22. Rf1 Rad8 23. Kh1 Qg6 24. Qe2 Nf6 25. Rae1 d5 26. Nh4 Qh7 27. Qf3 d4 28.
Bd2 Kg8 29. Qd1 Re6 30. b5 axb5 31. cxb5 c5 32. Qc2 g6 33. Qc1 c4 34. Qxc4 Qg7
35. Kg1 Nd7 36. Rc1 Qf6 37. Nf3 Kg7 38. Ne1 Qe7 39. Bb4 Qe8 40. Rc2 Nf6 41. Bc5
Bxc5 42. Qxc5 b6 43. Qb4 Nd7 44. Rc6 Nc5 45. Qd2 h5 46. Qc2 Ra8 47. b4 Nd7 48.
Qc4 Ra3 49. Rc7 Kf6 50. Nf3 Nf8 1-0

[Event "2nd Indonesia Open Chess Ch. 2012"]
[Site "Grand SahidJaya Hotel, Jakarta"]
[Date "2012.10.15"]
[Round "7.15"]
[White "Bocharov, Dmitry"]
[Black "Tania, Sachdev"]
[Result "1-0"]
[WhiteElo "2603"]
[BlackElo "2401"]
[PlyCount "61"]
[EventDate "2012.10.11"]

1. c4 e5 2. g3 Nf6 3. Bg2 d5 4. cxd5 Nxd5 5. Nc3 Nb6 6. e3 Be7 7. Nge2 N6d7 8.
O-O O-O 9. d4 c6 10. Qc2 exd4 11. Nxd4 Nf6 12. Rd1 Qe8 13. e4 Bg4 14. f3 Bd7
15. Be3 Bc5 16. Bf2 Qe7 17. h3 Ne8 18. f4 f6 19. a4 a5 20. Rac1 Nc7 21. Kh2
Nba6 22. Nce2 Qf7 23. b3 Rfd8 24. f5 g5 25. Ng1 Re8 26. Ngf3 h6 27. Bf1 Ba3 28.
Ra1 Qf8 29. Ne6 Bxe6 30. fxe6 Qe7 31. e5 1-0

[Event "2nd Indonesia Open Chess Ch. 2012"]
[Site "Grand SahidJaya Hotel, Jakarta"]
[Date "2012.10.15"]
[Round "7.16"]
[White "Paragua, Mark"]
[Black "Barus, Cerdas"]
[Result "1/2-1/2"]
[WhiteElo "2540"]
[BlackElo "2400"]
[PlyCount "120"]
[EventDate "2012.10.11"]

1. d4 d5 2. c4 c6 3. Nf3 Nf6 4. e3 g6 5. Nc3 Bg7 6. Bd3 O-O 7. O-O a6 8. b4
dxc4 9. Bxc4 Nd5 10. Qb3 Nb6 11. Be2 Be6 12. Qc2 N8d7 13. e4 Bg4 14. Rd1 Qc7
15. a4 Bxf3 16. gxf3 e5 17. dxe5 Qxe5 18. Ra3 a5 19. f4 Qe7 20. bxa5 Rxa5 21.
Rb3 Rfa8 22. e5 Qe6 23. Be3 Nd5 24. Nxd5 cxd5 25. Bf3 g5 26. f5 Qxe5 27. Rxb7
Nf6 28. Bd4 Qf4 29. Qc7 Qxc7 30. Rxc7 Ne8 31. Rc6 Bxd4 32. Rxd4 Kg7 33. h4 h6
34. hxg5 hxg5 35. Rg4 f6 36. Rb4 Rxa4 37. Rb7+ Kf8 38. Bxd5 R4a7 39. Rb3 Rd8
40. Be6 Rh7 41. Kg2 Kg7 42. Rbc3 Kf8 43. Bb3 Rhd7 44. Rh3 Kg7 45. Be6 Rd3 46.
Rh1 Rd1 47. Rxd1 Rxd1 48. Rc8 Kf8 49. Rb8 Rd4 50. Kf3 Ke7 51. Rb7+ Kd8 52. Ke3
Rd6 53. Rf7 Nc7 54. Bc4 Ne8 55. f3 Nc7 56. Ke4 Ne8 57. Rh7 Rd1 58. Ke3 Rd6 59.
Kf2 Rd4 60. Be6 Nc7 1/2-1/2